书目信息 |
| 题名: |
环境审计理论与实务研究
|
|
| 作者: | 李永臣 著 | |
| 分册: | ||
| 出版信息: | 北京 化学工业出版社 2007 |
|
| 页数: | ||
| 开本: | ||
| 丛书名: | ||
| 单 册: | ||
| 中图分类: | F239.6 | |
| 科图分类: | ||
| 主题词: | 审计 | |
| 电子资源: | ||
| ISBN: | 978-7-5025-9437-4 | |
| 000 | 00502nam0 2200169 450 | |
| 001 | 0754114953 | |
| 005 | 20070929150154.95 | |
| 010 | @a978-7-5025-9437-4 | |
| 100 | @a20070929d km y0chiy0120 ea | |
| 101 | 0 | @achi |
| 200 | 1 | @a环境审计理论与实务研究@Ahuan jing shen ji li lun yu shi wu yan jiu@f李永臣 著@Fli yong chen zhu |
| 210 | @a北京@c化学工业出版社@d2007 | |
| 606 | 0 | @a审计 |
| 690 | @aF239.6@v3 | |
| 701 | 0 | @a李永臣@Ali yong chen@4著 |
| 801 | 0 | @aCN@bPFT@c20070929 |
| 905 | @a213230@dF239.6@eh15@f1 | |
| 环境审计理论与实务研究/李永臣 著.-北京:化学工业出版社,2007 |
| ISBN 978-7-5025-9437-4: |
| ● |
| 相关链接 |
|
|
|
|
正题名:环境审计理论与实务研究
索取号:F239.6/h15
 
预约/预借
| 序号 | 登录号 | 条形码 | 馆藏地/架位号 | 状态 | 备注 |
| 1 | 6002941 | 260029418 | 密集书库-化学系/ [索取号:F239.6/h15] | 在馆 |